Nomenclátor de las ciudades, villas, lugares, aldeas y demás entidades de población de España / formado por la Dirección General del Instituto Geográfico y Estadístico con referencia al 31 de diciembre de 1900 : provincia de Tarragona provincia de Tarragona
Descripción Física:
23 p. ; 34 cm
MARC
| LEADER | 00000nam a2200000Ia 4500 | ||
|---|---|---|---|
| 001 | 12219 | ||
| 003 | BGR | ||
| 005 | 20260410113642.0 | ||
| 008 | 160829s1904 xx 000 0 cat d | ||
| 080 | |a RF-11-1 | ||
| 110 | 1 | |a Instituto Geográfico y Estadístico (Espanya) |9 71157 | |
| 245 | |a Nomenclátor de las ciudades, villas, lugares, aldeas y demás entidades de población de España / formado por la Dirección General del Instituto Geográfico y Estadístico con referencia al 31 de diciembre de 1900 : |b provincia de Tarragona | ||
| 260 | |a Madrid : |b [el Instituto], |c 1904 | ||
| 300 | |a 23 p. ; |c 34 cm | ||
| 590 | |a Prové de OP-6838. | ||
| 590 | |a En mal estat de conservació | ||
| 650 | |a Topònims |x Tarragona (Província) |x Estadístiques |9 46856 | ||
| 650 | |a Edificis |x Tarragona (Província) |x Estadístiques |9 46857 | ||
| 650 | |a Tarragona (Província) |x Població |x Estadístiques |9 46858 | ||
| 856 | 4 | |u https://media.diba.cat/diba/fitxers/arxiu/fulletons/bib_12219_1904_baixa.pdf |y Accés lliure | |
| 856 | 4 | |u https://media.diba.cat/diba/fitxers/arxiu/fulletons/bib_12219_1904_baixa.pdf |y Accés lliure | |
| 900 | |a bib_12219_1904_baixa.pdf | ||
| 901 | |a Arxiu | ||
| 942 | |n 1 |2 udc |c MON | ||
| 952 | |0 0 |1 0 |4 0 |6 RF111 |7 1 |9 53497 |a Arxiu |b Arxiu |d 2016-12-01 |l 0 |o RF-11-1 |p 12219 |r 2016-12-01 00:00:00 |w 2016-12-01 |y ARXIU | ||
| 999 | |c 57363 |d 57363 | ||